Statistics for 3-Letter Words Containing N

Click here to take the quiz!

General Stats

  • This quiz has been taken 165 times
    (162 since last reset)
  • The average score is 61 of 75

Answer Stats

word% Correct
can
93%
not
93%
sun
93%
ban
92%
man
92%
now
91%
tan
91%
bin
90%
bun
90%
fin
90%
men
90%
net
90%
run
90%
tin
90%
hen
89%
nit
89%
ran
89%
win
89%
gun
88%
pan
88%
pin
88%
ton
88%
fan
87%
gin
87%
nab
87%
nap
87%
new
87%
sin
87%
ten
87%
van
87%
won
87%
den
86%
nor
86%
pun
86%
dan
85%
din
85%
fun
85%
nip
85%
pen
85%
son
85%
nan
84%
and
83%
nag
83%
nun
83%
don
82%
wan
82%
zen
82%
con
81%
nod
81%
nut
81%
ant
80%
fen
80%
hun
80%
yen
80%
nob
79%
nil
78%
nib
77%
kin
76%
one
75%
nay
74%
any
72%
end
70%
inn
70%
nog
70%
nub
69%
ken
68%
own
66%
yin
66%
nee
64%
ink
63%
nix
61%
eon
60%
ion
54%
urn
50%
gnu
42%

Score Distribution

Percentile by Number Answered

Percent of People with Each Score

Your Score History

You have not taken this quiz since the last reset